000 01141cam a2200265 i 4500
005 20160123150551.0
008 960313s1995 pp ab b 000 0 eng d
020 _a9980851112
040 _aMoSB
_cMoSB
_dNNM
_dDNAL
_dDLC
_dDLC
041 0 _aeng
042 _alccopycat
043 _aa-pp---
082 0 4 _a333.9509953
_bP21p
245 0 0 _aPapua New Guinea country study on biological diversity /
_cedited by N. Sekhran and S. Miller.
260 _aWaigani, Papua New Guinea :
_bDept. of Environment and Conservation, Conservation Resource Centre ;
_c1995.
300 _axl, 438 páginas :
_bilustraciones y mapas ;
_c28 cm.
650 1 4 _aDiversidad biológica
_zPapúa Nueva Guinea.
650 2 4 _aHistoria natural
_zPapúa Nueva Guinea.
650 2 4 _aConservación biológica
_zPapúa Nueva Guinea.
700 1 _aSekhran, Nikhil,
_eeditor.
700 1 _aMiller, Scott E.,
_q(Scott Everett)
_eeditor.
710 1 _aPapua New Guinea.
_bDepartment of Environment and Conservation.
_bConservation Resource Centre.
710 2 _aAfrica Centre for Resources and Environment.
942 _2ddc
_cLIBRO
999 _c1209
_d1209